| 000 | 00927nam a22002057a 4500 | ||
|---|---|---|---|
| 003 | 0 | ||
| 005 | 20250213101411.0 | ||
| 008 | 250212b xxu||||| |||| 00| 0 eng d | ||
| 050 |
_aRT 42 _b.P47 2023 |
||
| 100 | _aFamador, Felese Angeline C. | ||
| 245 |
_a Perceived empathy measure in the context of therapeutic nursing relationship between non-sars-cov-2 and sars-cov-2 patients in Metro Manila _cFelese Angeline C. Famador and five others |
||
| 260 |
_aLas Pinas City _bSouthville International School and Colleges _c2023 |
||
| 300 |
_axii, 94 pages; _c28cm. |
||
| 500 | _aBachelor of Science in Nursing | ||
| 504 | _aIncludes bibliographical references and appendices. | ||
| 650 | _aEmpathy in Nursing—Therapeutic Communication. | ||
| 650 | _aNurse-Patient Relationships—SARS-CoV-2 & Non-SARS-CoV-2 Patients. | ||
| 650 | _aHealthcare Professional-Patient Relationships—Empathy & Perception. | ||
| 942 |
_2lcc _cTH |
||
| 999 |
_c367192 _d367192 |
||